Normal view
MARC view
- ADHESIVES WOOD-BONDING WOOD ADHESIVES TECHNOLOGY
Entry Topical Term
001 - CONTROL NUMBER
- control field: 76088
003 - CONTROL NUMBER IDENTIFIER
- control field: NUST
005 - DATE AND TIME OF LATEST TRANSACTION
- control field: 20210628205556.0
008 - FIXED-LENGTH DATA ELEMENTS
- fixed length control field: 210628|| aca||aabn | a|a d
040 ## - CATALOGING SOURCE
- Original cataloging agency: NUST
- Transcribing agency: NUST
150 ## - HEADING--TOPICAL TERM
- Topical term or geographic name entry element: ADHESIVES WOOD-BONDING WOOD ADHESIVES TECHNOLOGY
670 ## - SOURCE DATA FOUND
- Source citation: Work cat.: (NUST): Pizzi, A 76087, Advanced wood adhesives technology, 1994
